Statistics for Countries of the Middle East by Borders with an Empty Map

Click here to take the quiz!

General Stats

  • This quiz has been taken 469 times
  • The average score is 15 of 17

Answers on the Map

Answers color-coded by a green-red scale on the quiz's map according to % correct below.
 

Answer Stats

Country% Correct
Syria
98%
Jordan
97%
Saudi Arabia
97%
Iraq
96%
Israel
96%
Turkey
95%
Iran
94%
Oman
94%
Palestinian Territories
93%
United Arab Emirates
92%
Yemen
92%
Egypt
91%
Kuwait
91%
Qatar
87%
Lebanon
85%
Bahrain
60%
Cyprus
59%

Score Distribution

Percentile by Number Answered

Percent of People with Each Score

Your Score History

You have not taken this quiz